Forma y tipo en el arte de construir puentes

Furkejuvvon:
Bibliográfalaš dieđut
Váldodahkki: Aguiló, Miguel (Dahkki)
Materiálatiipa: Girji
Giella:espánnjágiella
Almmustuhtton: Madrid Abada 2008
Preanttus:1a. ed
Ráidu:Lecturas. Historia del Arte y de la Arquitectura
Fáttát:
Fáddágilkorat: Lasit fáddágilkoriid
Eai fáddágilkorat, Lasit vuosttaš fáddágilkora!

MARC

LEADER 00000nam a2200000 a 4500
001 UCH3687
003 CL-VaPUC
008 090813e20080000SP |||||||||||||||||spa|d
020 |a 9788496775268 
082 0 4 |a 725.98  |b AGU  |2 21 
100 0 |a Aguiló, Miguel  |e author  |9 539195 
245 1 0 |a Forma y tipo en el arte de construir puentes 
250 |a 1a. ed 
300 |a 399 p 
942 |c BK 
945 |d 20090813 00:00:00  |a cmena 
260 |a Madrid  |b Abada  |c 2008 
650 0 |a Diseño arquitectónico   |9 265271 
650 0 |a Puentes  |9 268175 
650 0 |a Estética   |9 264950 
650 0 |a Diseño de estructuras  |9 260345 
650 7 |a DISEÑO DE PUENTES  |2 CL-VaPUC  |9 477447 
583 |a last modification  |c 20090813 00:00:00  |k Rodrigo Vera 
490 0 |a Lecturas. Historia del Arte y de la Arquitectura 
999 |c 335164  |d 335162 
952 |0 0  |1 0  |4 0  |6 725_980000000000000_AGU_2008  |7 0  |8 A  |9 424827  |a BIBARQ  |b BIBARQ  |d 2019-11-22  |i 4588754  |l 3  |o 725.98 AGU 2008  |p 4588754  |r 2025-01-20  |s 2024-06-10  |w 2019-11-22  |y BK  |k ARQ